El Hospital (Registro nro. 1191)
[ vista simple ]
| 000 -LEADER | |
|---|---|
| fixed length control field | 00546nas a22001817a 4500 |
| 008 - CAMPO DE CONTROL RECURSOS CONTINUADOS | |
| fixed length control field | 130228t20009999ck ||||| |||| 00| 0 spa d |
| 022 ## - INTERNATIONAL STANDARD SERIAL NUMBER | |
| International Standard Serial Number | 0018-5485 |
| 245 ## - TITULO | |
| Titulo | El Hospital |
| 260 ## - PUBLICACION, DISTRIBUCION, ETC. (PIE DE IMPRENTA) | |
| Lugar de publicación, distribución, etc | Florida: |
| Nombre de la editorial, distribuidor, etc. | B2B portales, |
| Fecha de publicación | 2000 |
| 300 ## - DESCRIPCION FISICA | |
| Extensión | v. : |
| 310 ## - FRECUENCIA ACTUAL DE LA PUBLICACION | |
| Frecuencia actual de la publicación | bimestral |
| 546 ## - NOTA DE IDIOMA | |
| Nota de lenguaje | español |
| 590 ## - NOTAS LOCALES (RLIN) | |
| Nota local | Existencias: 1999 55(6); 2000 56(1-6); 2001 57(1-3); 2003 59(5); 2004 60(3)<br/>BAJA DEPOSITO (CAJA 22) MAYO 2019 |
| 650 ## - MATERIA-TERMINO TEMATICO | |
| Término temático | MEDICINA |
| 9 (RLIN) | 1916 |
| 650 ## - MATERIA-TERMINO TEMATICO | |
| Término temático | EQUIPOS Y SUMINISTROS |
| 9 (RLIN) | 1917 |
| 856 ## - LOCALIZACION ELECTRONICA Y ACCESO | |
| Identificador Uniforme de Recurso (URI) | <a href="http://www.elhospital.com">http://www.elhospital.com</a> |
| 942 ## - ADDED ENTRY ELEMENTS (KOHA) | |
| Source of classification or shelving scheme | Dewey Decimal Classification |
| Item type | Continuing Resources |
No hay ítems disponibles.